Maternity nursing / (Record no. 4140)
[ view plain ]
| 000 -LEADER | |
|---|---|
| fixed length control field | 01388cam a2200229 i 4500 |
| 001 - CONTROL NUMBER | |
| control field | 18343518 |
| 005 - DATE AND TIME OF LATEST TRANSACTION | |
| control field | 20250222151032.0 |
| 008 - FIXED-LENGTH DATA ELEMENTS--GENERAL INFORMATION | |
| fixed length control field | 141022s2014 moua b 001 0 eng |
| 020 ## - INTERNATIONAL STANDARD BOOK NUMBER | |
| International Standard Book Number | 9780323241915 (hbk.) |
| 050 00 - LIBRARY OF CONGRESS CALL NUMBER | |
| Classification number | RG951 |
| Item number | .B66 2014 |
| 082 00 - DEWEY DECIMAL CLASSIFICATION NUMBER | |
| Classification number | 618/.04231 |
| Edition information | 23 |
| 245 00 - TITLE STATEMENT | |
| Title | Maternity nursing / |
| Statement of responsibility, etc. | [edited by] Deitra Leonard Lowdermilk, RNC, PhD, FAAN, Clinical Professor Emerita, School of Nursing , University of North Carlina at Chapel Hill, Chapel Hill, North Carolina, Shannon E. Perry, RN, CNS, PhD, FAAN, Professor Emerita, School of Nursing, San Francisco State University, San Fransico, California, Kitty Cashion, RN, BC, MSN, Clinical Nurse Specialist, University of Tennessee Health Science Center, College of Medicine, Department of Obstetrics & Gynecology, Division of Maternal-Fetal Medicine, Memphis, Tennessee ; associate editor, Kathryn Rhodes Alden, EdD, MSN, RN, IBCLC, Clinical Associate Professor, School of Nursing, University of North Carolina at Chapel Hill, Chapel Hill, North Carolina. |
| 250 ## - EDITION STATEMENT | |
| Edition statement | 8th edition, revised reprint. |
| 260 ## - PUBLICATION, DISTRIBUTION, ETC. | |
| Place of publication, distribution, etc. | Maryland Heights |
| Name of publisher, distributor, etc. | Mosby/Elsevier |
| Date of publication, distribution, etc. | 2014 |
| 300 ## - PHYSICAL DESCRIPTION | |
| Extent | xxi, 874 pages : |
| Other physical details | color illustrations ; |
| Dimensions | 29 cm |
| 650 #0 - SUBJECT ADDED ENTRY--TOPICAL TERM | |
| Topical term or geographic name entry element | Maternity nursing. |
| 650 #0 - SUBJECT ADDED ENTRY--TOPICAL TERM | |
| Topical term or geographic name entry element | Pediatric nursing. |
| 700 1# - ADDED ENTRY--PERSONAL NAME | |
| Personal name | Lowdermilk, Deitra Leonard. |
| 700 1# - ADDED ENTRY--PERSONAL NAME | |
| Personal name | Perry, Shannon E. |
| 700 1# - ADDED ENTRY--PERSONAL NAME | |
| Personal name | Cashion, Kitty. |
| 942 ## - ADDED ENTRY ELEMENTS (KOHA) | |
| Source of classification or shelving scheme | Library of Congress Classification |
| Koha item type | Books |
| Edition | 8th ed. |
| Suppress in OPAC | No |
| 999 ## - | |
| -- | 4140 |
| -- | 4140 |
| Withdrawn status | Lost status | Source of classification or shelving scheme | Damaged status | Not for loan | Collection | Home library | Current library | Shelving location | Date acquired | Total checkouts | Full call number | Barcode | Date last seen | Copy number | Price effective from | Koha item type |
|---|---|---|---|---|---|---|---|---|---|---|---|---|---|---|---|---|
| Library of Congress Classification | Non-fiction | Science Library (Miotso) | Science Library (Miotso) | General stacks | 02/22/2025 | RG951 .B66 MAT | SLM00003681 | 02/22/2025 | 1 | 02/22/2025 | Books | |||||
| Library of Congress Classification | Non-fiction | Science Library (Miotso) | Science Library (Miotso) | General stacks | 02/22/2025 | RG951 .B66 MAT | SLM00003682 | 02/22/2025 | 2 | 02/22/2025 | Books | |||||
| Library of Congress Classification | Non-fiction | Science Library (Miotso) | Science Library (Miotso) | General stacks | 02/22/2025 | RG951 .B66 MAT | SLM00003683 | 02/22/2025 | 3 | 02/22/2025 | Books |